日本最知名200个城市 - Statistics

General Stats
  • This quiz has been taken 250 times
  • The average score is 67 of 201
Answers on the Map
Answers color-coded by a green-red scale on the quiz's map according to % correct below.
 
Answer Stats
维基百科月均浏览数 Cityquiz提及率 人口 Answers % Correct
599.53K 84.95% 973.33万 东京
97%
160.78K 58.64% 275.24万 大阪
93%
94.97K 38.87% 197.34万 札幌
93%
166.76K 52.29% 146.37万 京都
89%
98.35K 28.92% 233.22万 名古屋
89%
112.88K 30.82% 377.75万 横滨
88%
107.06K 52.16% 40.91万 长崎
88%
205.54K 55.14% 120.08万 广岛
87%
30.32K 7.41% 73.89万 熊本
81%
56.82K 19.92% 109.67万 仙台
80%
20.37K 8.46% 27.52万 青森
79%
77.29K 21.99% 161.24万 福冈
78%
29.65K 10.95% 97.5万 千叶
78%
21.97K 22.56% 28.27万 福岛
78%
33.09K 7.52% 31.76万 那霸
77%
84.33K 24.15% 152.52万 神户
76%
30.95K 8.73% 59.31万 鹿儿岛
76%
41.51K 8.49% 35.46万 奈良
72%
36.54K 6.28% 93.9万 北九州
69%
30.80K 6.21% 25.11万 函馆
69%
26.65K 5.96% 69.34万 静冈
66%
31.13K 11.23% 78.93万 新潟
65%
16.43K 6.61% 30.77万 秋田
65%
38.01K 10.08% 153.83万 川崎
63%
47.21K 11.45% 132.4万 埼玉
61%
28.08K 7.29% 37.28万 长野
60%
12.97K 2.95% 35.67万 和歌山
60%
12.03K 3.03% 18.85万 鸟取
60%
26.25K 5.86% 72.47万 冈山
59%
17.29K 3.35% 41.39万 富山
59%
35.15K 3.72% 46.33万 金泽
55%
13.83K 3.52% 47.56万 大分
55%
13.64K 17.22% 14.28万 冲绳
55%
16.81K 1.37% 11.13万 小樽
53%
13.27K 3.73% 32.65万 高知
52%
11.08K 2.42% 25.24万 德岛
52%
13.73K 4.33% 40.13万 宫崎
50%
33.77K 4.44% 79.07万 滨松
49%
31.48K 1.48% 17.27万 镰仓
49%
24.36K 2.68% 82.62万
49%
16.62K 3.41% 40.26万 岐阜
49%
9.57K 3.10% 23.33万 佐贺
49%
25.90K 1.41% 57.94万 八王子
48%
12.23K 2.68% 19.4万 山口
48%
11.84K 2.58% 24.76万 山形
47%
9.47K 7.73% 24.54万 富士
47%
23.92K 2.42% 32.93万 旭川
46%
22.42K 1.91% 51.88万 宇都宫
45%
19.76K 1.42% 25.51万 下关
45%
26.15K 1.86% 38.81万 横须贺
44%
18.46K 2.48% 28.97万 盛冈
44%
15.77K 2.77% 3.36万 稚内
44%
14.66K 1.34% 18.96万 甲府
44%
13.15K 2.80% 27.45万
43%
10.34K 1.94% 26.23万 福井
41%
55.93K 2.45% 2.85万 对马
40%
23.04K 3.07% 53.05万 姬路
40%
22.84K 3.35% 51.12万 松山
40%
9.29K 1.12% 2.46万 根室
40%
23.97K - 72.55万 相模原
39%
19.56K 1.82% 41.75万 高松
39%
15.98K 1.81% 27.07万 水户
39%
13.73K 0.60% 3.42万 热海
39%
17.19K 1.52% 16.51万 钏路
38%
10.78K 3.07% 13.29万 成田
38%
17.92K 1.77% 46.09万 福山
36%
14.68K 2.17% 20.36万 松江
36%
36.72K 7.28% 42.23万 丰田
34%
20.00K 1.17% 24.17万 筑波
34%
17.13K 1.47% 24.32万 佐世保
34%
11.97K 0.72% 17.01万 苫小牧
34%
11.30K 0.66% 8.24万 室兰
34%
8.94K 1.27% 3.58万 网走
34%
24.71K - 4.2万 淡路
33%
9.58K 1.31% 12.28万 伊势
33%
18.80K - 5.15万 佐渡
32%
15.04K 1.10% 1.13万 箱根
32%
13.57K 1.34% 22.34万 八户
32%
12.71K 0.84% 18.89万 小田原
32%
7.93K 1.05% 9.8万 千岁
32%
18.76K 1.19% 21.46万
31%
16.48K 1.03% 37.3万 高崎
31%
15.43K 1.14% 34.51万 大津
31%
10.99K - 0.29万 小笠原
31%
10.68K 1.02% 17.28万 出云
31%
17.70K 1.70% 33.29万 磐城
30%
16.12K 0.92% 37.19万 丰桥
30%
16.04K - 64.29万 船桥
30%
13.95K 1.33% 33.21万 前桥
29%
11.89K 0.68% 17.96万 宇治
29%
18.38K - 0.73万 夕张
28%
17.58K 0.65% 45.96万 尼崎
28%
15.58K 0.79% 30.33万 久留米
28%
14.42K 0.99% 42.65万
28%
13.43K 1.13% 16.65万 带广
28%
9.26K - 14.7万 多摩
28%
16.34K 1.01% 32.77万 郡山
27%
14.07K 0.72% 30.54万 四日市
27%
12.12K 1.50% 11.53万 别府
27%
10.68K 0.43% 6.43万 敦贺
27%
20.57K 1.67% 24.11万 松本
26%
20.11K 0.97% 8.44万 高山
26%
18.56K 1.25% 7.77万 日光
26%
13.72K 0.99% 11.55万 北见
26%
10.21K 0.43% 8.03万 舞鹤
26%
9.99K 1.11% 4.76万 石垣
26%
12.89K 0.81% 30.36万 明石
25%
26.77K - 4.14万 奄美
24%
21.69K - 0.7万 八丈
24%
16.50K 0.77% 35.46万 川越
24%
13.84K - 49.39万 东大阪
24%
13.78K 0.53% 22.98万 春日部
24%
13.77K 1.03% 16.85万 弘前
24%
10.23K - 15.17万 今治
24%
15.06K 0.72% 43.69万 藤泽
23%
14.73K 1.04% 26.69万 长冈
23%
13.00K 0.52% 35.27万 高槻
23%
9.51K 0.69% 10.03万 酒田
23%
18.79K 0.60% 43.11万 町田
22%
18.76K 0.65% 48.56万 西宫
22%
13.21K 0.60% 18.94万 沼津
22%
12.73K 0.34% 13.12万 尾道
22%
10.87K - 15.01万 武藏野
22%
9.52K 1.24% 17.45万 日立
22%
9.00K 0.46% 16.64万 高冈
22%
15.26K 0.77% 59.43万 川口
21%
13.13K - 18.36万 立川
21%
11.60K 0.52% 14.73万 米子
21%
17.34K 0.84% 47.46万 仓敷
20%
13.45K - 11.74万 会津若松
20%
12.63K 0.46% 20.74万 西东京
20%
11.07K 0.65% 18.8万 上越
20%
10.18K 1.80% 19.57万 铃鹿
20%
10.13K 0.55% 14.02万 石卷
20%
9.06K - 1.29万 珠洲
20%
17.51K 2.69% 38.47万 冈崎
19%
13.32K - 0.71万 大岛
19%
13.07K - 28.77万 茨木
19%
11.80K - 2.49万 壹岐
19%
11.79K - 1.92万 轻井泽
19%
11.00K 0.41% 19.44万 熊谷
19%
9.98K 2.79% 5.82万 北广岛
19%
9.89K 0.41% 17.14万 浦安
19%
8.55K 1.11% 6.7万 鹿岛
19%
7.80K 2.42% 5.46万 鸣门
19%
6.78K 1.79% 6.36万 名护
19%
6.26K 1.13% 9.24万 萨摩川内
19%
14.39K - 1.34万 隐岐之岛
18%
13.20K 0.53% 49.82万 松户
18%
10.13K 0.48% 12.91万 岩国
18%
7.70K 1.08% 15.55万 栃木
18%
7.49K 3.65% 4.87万 诹访
18%
13.03K - 26.28万 府中
17%
10.01K 0.35% 22.64万 宝冢
17%
9.16K 0.44% 7.42万 鸟栖
17%
9.08K 0.52% 13.35万 青梅
17%
13.66K 0.44% 38.56万 吹田
16%
11.36K 0.31% 5.97万 秩父
16%
9.86K 0.39% 19.81万 伊丹
16%
9.45K 0.72% 16.26万 宇部
16%
9.13K 0.42% 12.23万 鹤冈
16%
8.80K 0.44% 26.95万 市原
16%
8.59K - 23.92万 大和
16%
7.05K 3.71% 2.9万 小滨
16%
14.21K - 49.67万 市川
15%
14.12K 0.48% 39.73万 枚方
15%
12.10K 0.38% 24.26万 调布
15%
10.10K 0.18% 11.42万 廿日市
15%
9.97K 0.15% 7.32万 太宰府
15%
9.81K 0.40% 15.83万 大垣
15%
9.12K 0.37% 30.87万 春日井
15%
9.10K 0.89% 26.46万 八尾
15%
11.36K 0.58% 38.01万 一宫
14%
10.74K 1.05% 22.3万 太田
14%
9.45K 0.20% 4.08万 丝鱼川
14%
9.36K 0.26% 9.99万 津山
14%
8.82K 0.38% 26.09万 加古川
14%
24.26K 0.06% 1.19万 屋久岛
13%
12.97K 0.50% 34.25万 所泽
13%
11.45K - 11.29万 奥州
13%
11.33K - 7.43万
13%
9.55K 0.68% 15.41万 上田
13%
9.55K 0.37% 34.16万 越谷
13%
12.02K 0.45% 40.16万 丰中
12%
10.54K - 19.54万 三鹰
12%
8.43K 1.67% 16.87万 佐仓
12%
20.35K - 0.15万 白川
11%
11.83K 0.23% 12.09万 橿原
11%
10.25K 0.44% 22.37万 厚木
11%
9.98K 0.38% 24.24万 茅崎
11%
8.97K 0.28% 7.75万 丰冈
11%
8.84K - 8.88万 伊贺
11%
20.19K - 0.02万 青岛
10%
10.99K 0.17% 9.39万 芦屋
10%
10.89K - 0.23万 三宅
10%
10.59K 0.19% 14.45万 各务原
10%
10.28K 0.11% 6.39万 天理
10%
9.64K 0.46% 25.84万 平冢
10%
8.97K 0.51% 16.67万 磐田
10%
8.95K 0.57% 14.47万 足利
10%
12.82K - 13.69万 箕面
9%
No matching quizzes found
Score Distribution
Percent of People with Each Score
Percentile by Number Answered
Your Score History
You have not taken this quiz